000 00415nam a2200109Ia 4500
008 171204s9999 xx 000 0 und d
245 4 _aThe Nature of Corporate Governance: The Significance of National Cultural Identity
245 _cJanet Dine and Marios Koutsias
260 _c2013
650 _xASSURANCE PRINCIPLES, PROFESSIONAL ETHICS AND GOOD GOVERNANCE
856 _uhttp://down.ebook777.com/059/1845427009.pdf
999 _c345639
_d345639